Uruguay : 2016 Article IV Consultation-Press Release and Staff Report.

This 2016 Article IV Consultation highlights that Uruguay is demonstrating resilience in the face of recessions in its large neighbors. The economic slowdown has bottomed out in 2016 and there are signs that the economy is on an incipient recovery path. Financial stability risks are limited. Nonperf...

Description complète

Détails bibliographiques
Collectivité auteur: International Monetary Fund. Western Hemisphere Dept
Format: Revue
Langue:English
Publié: Washington, D.C. : International Monetary Fund, 2017.
Collection:IMF Staff Country Reports; Country Report ; No. 2017/028
Accès en ligne:Full text available on IMF
LEADER 01646cas a2200241 a 4500
001 AALejournalIMF017398
008 230101c9999 xx r poo 0 0eng d
020 |c 5.00 USD 
020 |z 9781475573589 
022 |a 1934-7685 
040 |a BD-DhAAL  |c BD-DhAAL 
110 2 |a International Monetary Fund.  |b Western Hemisphere Dept. 
245 1 0 |a Uruguay :   |b 2016 Article IV Consultation-Press Release and Staff Report. 
264 1 |a Washington, D.C. :  |b International Monetary Fund,  |c 2017. 
300 |a 1 online resource (66 pages) 
490 1 |a IMF Staff Country Reports 
500 |a <strong>Off-Campus Access:</strong> No User ID or Password Required 
500 |a <strong>On-Campus Access:</strong> No User ID or Password Required 
506 |a Electronic access restricted to authorized BRAC University faculty, staff and students 
520 3 |a This 2016 Article IV Consultation highlights that Uruguay is demonstrating resilience in the face of recessions in its large neighbors. The economic slowdown has bottomed out in 2016 and there are signs that the economy is on an incipient recovery path. Financial stability risks are limited. Nonperforming loans remain relatively low, at 3.5 percent of total loans, while provisions are high. Real growth is estimated at 1.2 percent in 2016 and projected to reach 1.4 percent in 2017, as the external environment strengthens, together with private consumption. 
538 |a Mode of access: Internet 
830 0 |a IMF Staff Country Reports; Country Report ;  |v No. 2017/028 
856 4 0 |z Full text available on IMF  |u http://elibrary.imf.org/view/journals/002/2017/028/002.2017.issue-028-en.xml  |z IMF e-Library